Bishop of the Resistance : (Record no. 2274)
[ view plain ]
| 000 -LEADER | |
|---|---|
| fixed length control field | 01116cam a22003014a 4500 |
| 001 - CONTROL NUMBER | |
| control field | 12159103 |
| 003 - CONTROL NUMBER IDENTIFIER | |
| control field | GBCCL |
| 005 - DATE AND TIME OF LATEST TRANSACTION | |
| control field | 20241126110425.0 |
| 008 - FIXED-LENGTH DATA ELEMENTS--GENERAL INFORMATION | |
| fixed length control field | 000830s2000 mou 000 0beng |
| 010 ## - | |
| -- | 00010384 |
| 020 ## - INTERNATIONAL STANDARD BOOK NUMBER | |
| International Standard Book Number | 0570052637 (pbk.) |
| 040 ## - CATALOGING SOURCE | |
| Original cataloging agency | DLC |
| Transcribing agency | DLC |
| Modifying agency | DLC |
| 042 ## - | |
| -- | pcc |
| 043 ## - | |
| -- | e-no--- |
| 050 00 - | |
| -- | BX8080.B43 |
| -- | R63 2000 |
| 082 00 - DEWEY DECIMAL CLASSIFICATION NUMBER | |
| Classification number | 284.1092 |
| -- | B |
| Edition information | 21 |
| Item number | ROB |
| 100 1# - MAIN ENTRY--PERSONAL NAME | |
| Personal name | Robertson, Edwin Hanton. |
| 9 (RLIN) | 4685 |
| 245 10 - TITLE STATEMENT | |
| Title | Bishop of the Resistance : |
| Remainder of title | a life of Eivind Berggrav, Bishop of Oslo, Norway / |
| Statement of responsibility, etc. | Edwin Robertson. |
| 260 ## - PUBLICATION, DISTRIBUTION, ETC. | |
| Place of publication, distribution, etc. | St. Louis : |
| Name of publisher, distributor, etc. | Concordia Pub. House, |
| Date of publication, distribution, etc. | c2000. |
| 300 ## - PHYSICAL DESCRIPTION | |
| Extent | 222 p. ; |
| Dimensions | 23 cm. |
| 600 10 - SUBJECT ADDED ENTRY--PERSONAL NAME | |
| Personal name | Berggrav, Eivind, |
| Dates associated with a name | 1884-1959. |
| 9 (RLIN) | 4686 |
| 650 #0 - SUBJECT ADDED ENTRY--TOPICAL TERM | |
| Topical term or geographic name entry element | Lutheran Church |
| Geographic subdivision | Norway |
| General subdivision | Bishops |
| Form subdivision | Biography. |
| 9 (RLIN) | 4687 |
| 650 #0 - SUBJECT ADDED ENTRY--TOPICAL TERM | |
| Topical term or geographic name entry element | Church and state |
| Geographic subdivision | Norway |
| General subdivision | History |
| Chronological subdivision | 20th century. |
| 9 (RLIN) | 4688 |
| 651 #0 - SUBJECT ADDED ENTRY--GEOGRAPHIC NAME | |
| Geographic name | Norway |
| General subdivision | Church history |
| Chronological subdivision | 20th century. |
| 9 (RLIN) | 4689 |
| 906 ## - LOCAL DATA ELEMENT F, LDF (RLIN) | |
| a | 7 |
| b | cbc |
| c | orignew |
| d | 1 |
| e | ecip |
| f | 20 |
| g | y-gencatlg |
| 942 ## - ADDED ENTRY ELEMENTS (KOHA) | |
| Source of classification or shelving scheme | Dewey Decimal Classification |
| Koha item type | Books |
| Withdrawn status | Lost status | Source of classification or shelving scheme | Damaged status | Not for loan | Home library | Current Library | Shelving location | Date acquired | Total checkouts | Full call number | Barcode | Date last seen | Copy number | Price effective from | Koha item type |
|---|---|---|---|---|---|---|---|---|---|---|---|---|---|---|---|
| Dewey Decimal Classification | GRACE BIBLE COLLEGE | GRACE BIBLE COLLEGE | Church History | 2017-07-20 | 284.1092 ROB | 012508 | 2025-05-01 | c.11 | 2017-07-20 | Books | |||||
| Dewey Decimal Classification | GRACE BIBLE COLLEGE | GRACE BIBLE COLLEGE | Church History | 2017-09-21 | 284.1092 ROB | 011497 | 2025-05-01 | c.1 | 2017-09-21 | Books | |||||
| Dewey Decimal Classification | GRACE BIBLE COLLEGE | GRACE BIBLE COLLEGE | Church History | 2017-09-21 | 284.1092 ROB | 011498 | 2025-05-01 | c.2 | 2017-09-21 | Books | |||||
| Dewey Decimal Classification | GRACE BIBLE COLLEGE | GRACE BIBLE COLLEGE | Church History | 2017-09-21 | 284.1092 ROB | 011499 | 2025-05-01 | c.3 | 2017-09-21 | Books | |||||
| Dewey Decimal Classification | GRACE BIBLE COLLEGE | GRACE BIBLE COLLEGE | Church History | 2017-09-21 | 284.1092 ROB | 011500 | 2025-05-01 | c.4 | 2017-09-21 | Books | |||||
| Dewey Decimal Classification | GRACE BIBLE COLLEGE | GRACE BIBLE COLLEGE | Church History | 2017-09-21 | 284.1092 ROB | 011501 | 2025-05-01 | c.5 | 2017-09-21 | Books | |||||
| Dewey Decimal Classification | GRACE BIBLE COLLEGE | GRACE BIBLE COLLEGE | Church History | 2017-09-21 | 284.1092 ROB | 011502 | 2025-05-01 | c.6 | 2017-09-21 | Books | |||||
| Dewey Decimal Classification | GRACE BIBLE COLLEGE | GRACE BIBLE COLLEGE | Church History | 2017-09-21 | 284.1092 ROB | 012504 | 2025-05-01 | c.7 | 2017-09-21 | Books | |||||
| Dewey Decimal Classification | GRACE BIBLE COLLEGE | GRACE BIBLE COLLEGE | Church History | 2017-09-21 | 284.1092 ROB | 012505 | 2025-05-01 | c.8 | 2017-09-21 | Books | |||||
| Dewey Decimal Classification | GRACE BIBLE COLLEGE | GRACE BIBLE COLLEGE | Church History | 2017-09-21 | 284.1092 ROB | 012506 | 2025-05-01 | c.9 | 2017-09-21 | Books | |||||
| Dewey Decimal Classification | GRACE BIBLE COLLEGE | GRACE BIBLE COLLEGE | Church History | 2017-09-21 | 284.1092 ROB | 012507 | 2025-05-01 | c.10 | 2017-09-21 | Books | |||||
| Dewey Decimal Classification | GRACE BIBLE COLLEGE | GRACE BIBLE COLLEGE | Church History | 2017-09-21 | 284.1092 ROB | 012509 | 2025-05-01 | c.12 | 2017-09-21 | Books |